| 000 | 00507cam a2200205ua 4500 | ||
|---|---|---|---|
| 001 | 7572 | ||
| 008 | 141217n ii |||gr||||Z||||||asm | ||
| 020 | _a8126012064 | ||
| 040 | _cMAIN | ||
| 041 | _aasm | ||
| 082 | _a920 | ||
| 100 |
_aBhuyan, J. N., _eAuthor. |
||
| 245 | 1 |
_aGunabhiram Barua _cBy Jogendra Narayan Bhuyan |
|
| 250 | _a1st. | ||
| 260 |
_aNew Delhi: _bSahitya akademi, _c2013. |
||
| 300 | _a36p. | ||
| 653 | _aBiography, genealogy & insignia | ||
| 653 | _aAssamese biiography | ||
| 942 | _cBK | ||
| 999 |
_c6694 _d6694 |
||